000 01040nam a2200301Ia 4500
001 Para_407
003 CHAP
008 220125s2000 xx 000 0 und d
010 _a199162
040 _cCHAP
090 _aPA TESIS 1436
100 _aMuñiz Merino, Manolo
_979536
245 _aDaño por gorgojo (Acanthoscelides obtectus Say) en semilla de frijol (Phaselus vulgaris L.) y su relación con el establecimiento del cultivo /
_c por Manolo Muñiz Merino
260 _aChapingo, Méx. :
_b el autor
300 _a67 h.
502 _aTesis (Ing. Agr. Esp. en Parasitología Agrícola) -- UACh. Departamento Parasitología Agrícola
650 _aAcanthoscelides obtectus
_9402
650 _aFrijol
_x plagas
_943415
650 _aFrijol
_x semilla
_943433
710 _aUACh. Departamento Parasitología Agrícola
_9164025
901 _aPA TESIS 1436
902 _aA
905 _a0000002000 n 0000000000 00
910 _a2000
942 _cPARA
942 _cPARA
_d1
999 _c199162
_d199162